000
00295nam a22001217a 4500
003
SGT
082
_a
370
_b
WES
100
_a
WESTWOOD, PETER
245
_a
COMMONSENSE METHODS FOR CHILDREN WITH SPECIAL EDUCATIONAL NEEDS
260
_a
DELHI
_b
ROUTLEDGE
_c
2019
300
_a
214
942
_2
ddc
_c
BK
999
_c
18988
_d
18988